000 01001cam a22002054a 4500
005 20250605164117.0
008 250528s ||||||||||||||||||||||||d
035 _a18118
020 _a201184885
040 _aGR-AtMCL
_bgre
_dGR-AtMCL
_eAACR2
245 1 _aThe Craft of Software Engineering
260 _bAddison-Wesley Publishing Company,
_c1987
300 _a380
520 _aThis book is a comprehensive guide to software engineering principles and practice, and covers in detail all aspects of the software life-cycle. Preface, Introduction, Software Engineering, Managing Software Development: Fundamental Issues, Specification and Feasibility, Estimating Effort and Timescale, Organizing and Controlling Software Development, Systems and Software Design, Implementation, Software Quality, Additional Management Issues, Case Study: Extracts from an Archive, Index.
700 1 _aBuxton John
_94409
700 1 _aMacro Allen
_94410
942 _cBK
999 _c3501
_d3501